00803 2200265 4500001002100000001002100021005001500042035002400057040001200081082001800093084001600111090001900127090001600146100001800162245004500180245013700225250001200362260003100374260004000405300003000445650002000475700001500495850001200510990001500522YOGYA000000000000801YOGYA00000000000080120140822072523 0010-081400000000841 aYOPDYOG 2[22]a899.223 a988.223 Las aT 639.31 Sus B a988.223 Las aAndrea Hirata abudidaya ikan lele cet.5cSusanto , heru aLaskar Pelangi Song book :bKisah dan lagu dari negeri laskar pelangi /cAndrea Hirata ; Penyunting Dhewiberta & Ditta sekar cempaka aCet. 1. aYogyakartabKanisiusc1993 aYogyakarta:b Bentang Pustaka,c2012 a215 hlm.;c21 cm. (3 eks) aFiksi Indonesia aDhewiberta aYOPDYOG a46983.P/93